LIBRARY & INFORMATION CENTRE, KCAET, TAVANUR

ONLINE PUBLIC ACCESS CATALOGUE (OPAC)

Food handbook / (Record no. 6950)

MARC details
000 -LEADER
fixed length control field 00399cam a2200157ua 4500
041 ## - LANGUAGE CODE
Language code of text/sound track or separate title eng
082 ## - DEWEY DECIMAL CLASSIFICATION NUMBER
Classification number 028.71664
Item number CAT/FO
100 ## - MAIN ENTRY--AUTHOR NAME
Personal name Catsbery, C.M.E .
245 ## - TITLE STATEMENT
Title Food handbook /
260 ## - PUBLICATION, DISTRIBUTION, ETC. (IMPRINT)
Place of publication New York :
Name of publisher Ellis Horwood ,
Year of publication 1989.
300 ## - PHYSICAL DESCRIPTION
Number of Pages 382 ; .
700 1# - ADDED ENTRY--PERSONAL NAME
Personal name Kempen Van Dommelen, G.J.M .
942 ## - ADDED ENTRY ELEMENTS (KOHA)
Koha item type Books
Holdings
Withdrawn status Lost status Damaged status Home library Current library Date acquired Full call number Accession Number Koha item type
      KAUAET KAUAET 07/04/2012 028.71664 16994 Reference
free website counter